000 00478nam a2200157Ia 4500
005 20241218172345.0
008 231217s9999 xx 000 0 und d
020 _a817366403X
082 _a001.6424JSP BAS R
100 _aBasham, Bryan. Sierra, Kathy. Bates, Bert.
245 0 _aHead first servlets and JSP : passing the sun certified web component developer exam
260 _c2004
_bShroff
_aMumbai
300 _axxxii+854
650 _aHead,servlets,JSP
942 _cAA
999 _c176665
_d176665